[Event "Malmo Open"]
[Site "Malmo"]
[Date "2016.12.16"]
[Round "1.1"]
[White "Aroven, Mikael"]
[Black "Solodovnichenko, Yuri"]
[Result "0-1"]
[WhiteElo "2121"]
[BlackElo "2573"]

1.c4 e5 2.Nc3 d6 3.e3 Be7 4.Nd5 Nf6 5.Be2 O-O 6.Nf3 e4 7.Nd4 c5 8.Nxe7+ 
Qxe7 9.Nc2 d5 10.cxd5 Nxd5 11.O-O Rd8 12.d4 exd3 13.Bxd3 Nc6 14.Bd2 Nf6 
15.Ne1 Ne5 16.Qe2 Nxd3 17.Nxd3 Qd6 18.Rfd1 Bg4 0-1

[Event "Malmo Open"]
[Site "Malmo"]
[Date "2016.12.16"]
[Round "1.2"]
[White "Tikkanen, Hans"]
[Black "Unmack, Christian"]
[Result "1-0"]
[WhiteElo "2531"]
[BlackElo "2109"]

1.e4 Nc6 2.d4 d5 3.exd5 Qxd5 4.Nf3 Bg4 5.Be2 O-O-O 6.c4 Qf5 7.Be3 e6 8.O-O
Bc5 9.Nbd2 Bb4 10.h3 Bxf3 11.Nxf3 Nh6 12.a3 Be7 13.b4 Bf6 14.Ra2 Rd7 15.
Rd2 Rhd8 16.b5 Ne7 17.Kh1 Qg6 18.g4 e5 19.dxe5 Rxd2 20.Bxd2 Bxe5 21.Nxe5 
Qe4+ 22.Nf3 Ng6 23.Re1 Nf4 24.Bf1 Qg6 25.Qb1 Qd6 26.Bxf4 Qxf4 27.Qe4 1-0

[Event "Malmo Open"]
[Site "Malmo"]
[Date "2016.12.16"]
[Round "1.3"]
[White "Petkovic, Peter"]
[Black "Hillarp Persson, Tiger"]
[Result "1-0"]
[WhiteElo "2109"]
[BlackElo "2511"]

1.e4 g6 2.d4 Bg7 3.f4 c5 4.d5 d6 5.Nc3 Nf6 6.Bb5+ Nfd7 7.Nf3 a6 8.Be2 b5 
9.a4 b4 10.Nb1 a5 11.O-O O-O 12.Nbd2 Nf6 13.Rb1 Nbd7 14.b3 Nb6 15.Bb5 Bd7 
16.Bxd7 Qxd7 17.Bb2 Qg4 18.g3 Rfc8 19.Qe2 Nh5 20.Qe3 Bh6 21.Ng5 Rab8 22.c4
bxc3 23.Bxc3 c4 24.Bxa5 c3 25.Bxc3 Nxf4 26.Rxf4 Bxg5 27.Qf3 Qxf3 28.Rxf3 
Rxc3 29.Rxc3 Bxd2 30.Rd3 Bb4 31.Rc1 Nd7 32.Kg2 Nc5 33.Rf3 Nxe4 34.Rc7 Kf8 
35.Re3 f5 36.g4 Bc5 37.Rf3 Nf6 38.gxf5 g5 39.Rd3 Ke8 40.h3 Kd8 41.Rc6 Kd7 
42.Ra6 Rb4 43.Ra8 Rf4 44.a5 Rf2+ 45.Kh1 Ne4 46.b4 Rb2 47.bxc5 Nf2+ 48.Kg1 
Nxd3 49.c6+ Kc7 50.Ra7+ Kb8 51.Rxe7 Ne5 52.Re8+ Kc7 53.Re7+ Kd8 54.Rxh7 
Ra2 55.Rh6 Nf7 56.Re6 Rxa5 57.f6 Ra7 58.Kf2 Kc7 59.Re7+ Kb6 60.Rxa7 Kxa7 
61.Kf3 Kb6 62.Kg4 Kc7 63.Kf5 Nh8 64.Kxg5 Kd8 65.Kh6 Ke8 66.Kg7 Nf7 67.c7 
1-0

[Event "Malmo Open"]
[Site "Malmo"]
[Date "2016.12.16"]
[Round "1.4"]
[White "Brynell, Stellan"]
[Black "Kyrkjebo, Erlend"]
[Result "1-0"]
[WhiteElo "2448"]
[BlackElo "2098"]

1.d4 Nf6 2.c4 c5 3.d5 e6 4.Nc3 exd5 5.cxd5 d6 6.Nf3 g6 7.Nd2 b6 8.e4 Bg7 
9.Be2 O-O 10.O-O Re8 11.Re1 Na6 12.Bb5 Re7 13.Nc4 Nc7 14.Bc6 Rb8 15.Bf4 
Nfe8 16.a4 a6 17.Qc2 Bd4 18.Ne2 Be5 19.Rad1 f6 20.Bc1 f5 21.f4 Bg7 22.e5 
Bb7 23.Nc3 Bxc6 24.dxc6 d5 25.a5 b5 26.Nb6 d4 27.Ne2 Nd5 28.Qxc5 Nxb6 29.
axb6 d3 30.c7 Nxc7 31.bxc7 Rxc7 32.Qe3 Rd7 33.Nc3 b4 34.Na4 Bh6 35.Nc5 Rd5
36.Rxd3 Rc8 37.Rxd5 Qxd5 38.Nb3 Bxf4 39.Qxf4 Qxb3 40.e6 Qd5 41.Qxb4 Re8 
42.e7 a5 43.Qc3 Qd6 44.Bg5 h6 45.Bxh6 Rxe7 46.Rxe7 Qxe7 47.h3 Kh7 48.Bf4 
g5 49.Be5 Qe6 50.Qc7+ Kh6 51.Qd6 Qxd6 52.Bxd6 a4 53.Kf2 Kh5 54.Kf3 g4+ 55.
hxg4+ fxg4+ 56.Kf4 Kh4 57.g3+ Kh3 58.Ba3 1-0

[Event "Malmo Open"]
[Site "Malmo"]
[Date "2016.12.16"]
[Round "1.5"]
[White "Wahlund, Max"]
[Black "Lindgren, Philip"]
[Result "0-1"]
[WhiteElo "2096"]
[BlackElo "2424"]

1.c4 c6 2.g3 d5 3.Bg2 Nf6 4.Nf3 dxc4 5.O-O Nbd7 6.Na3 Nb6 7.Qc2 Be6 8.Ng5 
Qd7 9.Rd1 Bf5 10.e4 Bg4 11.f3 h6 12.d4 hxg5 13.fxg4 Qxg4 14.Be3 e6 15.Nxc4
Nxc4 16.Qxc4 Nxe4 17.Re1 Be7 18.Bxg5 Nxg5 19.Bxc6+ Kf8 20.Bxb7 Rd8 21.Rad1
Nh3+ 22.Kg2 Nf4+ 23.Kh1 Qxg3 0-1

[Event "Malmo Open"]
[Site "Malmo"]
[Date "2016.12.16"]
[Round "1.6"]
[White "Akesson, Ralf"]
[Black "Eriksson, Kristian"]
[Result "1-0"]
[WhiteElo "2417"]
[BlackElo "2091"]

1.d4 Nf6 2.c4 e6 3.g3 Bb4+ 4.Nd2 O-O 5.Bg2 d6 6.Nf3 Nc6 7.O-O Bxd2 8.Qxd2 
a5 9.d5 Ne7 10.dxe6 fxe6 11.b3 Nc6 12.Bb2 Qe7 13.a3 Bd7 14.b4 e5 15.b5 Nd8
16.a4 Nf7 17.Ng5 Nxg5 18.Qxg5 h6 19.Qe3 Rab8 20.c5 Ng4 21.Qc3 b6 22.cxd6 
cxd6 23.Ba3 Bf5 24.Rad1 Rfd8 25.Qc6 Rbc8 26.Qxb6 Rc2 27.Bxd6 Qg5 28.h3 
Rxd6 29.Qxd6 Nf6 30.Qxe5 Qg6 31.Rd8+ Kh7 32.Qb8 Qg5 33.Rh8+ Kg6 34.e4 Be6 
35.f4 Qc5+ 36.Kh1 Rxg2 37.f5+ Kh5 38.Qf4 g5 39.g4+ Kh4 40.Rxh6+ 1-0

[Event "Malmo Open"]
[Site "Malmo"]
[Date "2016.12.16"]
[Round "1.7"]
[White "Bergre, Joachim"]
[Black "Golubka, Petro"]
[Result "0-1"]
[WhiteElo "2085"]
[BlackElo "2407"]

1.c4 e6 2.g3 f5 3.Bg2 Nf6 4.Nc3 Be7 5.Nf3 O-O 6.O-O d6 7.Rb1 Nc6 8.d3 Qe8 
9.b4 Qh5 10.b5 Nd8 11.a4 a6 12.Bd2 e5 13.Nd5 Nxd5 14.cxd5 Bd7 15.Qb3 Nf7 
16.Rfc1 Rfc8 17.Rc2 axb5 18.axb5 b6 19.Ra2 Rxa2 20.Qxa2 g5 21.Qc4 g4 22.
Ne1 Bg5 23.e3 Bf6 24.f4 gxf3 25.Nxf3 e4 26.dxe4 fxe4 27.Nd4 Ng5 28.Rf1 
Nh3+ 29.Bxh3 Bxh3 30.Rc1 Bxd4 0-1

[Event "Malmo Open"]
[Site "Malmo"]
[Date "2016.12.16"]
[Round "1.8"]
[White "Hoi, Carsten"]
[Black "Unander, Matts"]
[Result "1-0"]
[WhiteElo "2378"]
[BlackElo "2085"]

1.d4 Nf6 2.Nf3 e6 3.e3 c5 4.Bd3 Nc6 5.O-O b6 6.c4 d5 7.Ne5 Bd7 8.Nxd7 Qxd7
9.cxd5 exd5 10.Nc3 c4 11.Bc2 Be7 12.e4 O-O 13.e5 Ne8 14.Be3 f5 15.f4 g6 
16.Kh1 Nc7 17.h3 Rad8 18.g4 Nb4 19.Bb1 Nd3 20.Bxd3 cxd3 21.Rg1 Ne6 22.Qxd3
fxg4 23.Raf1 Nc5 24.dxc5 d4 25.Qc4+ Kh8 26.c6 Qc8 27.Bxd4 Rxd4 28.Qxd4 1-0

[Event "Malmo Open"]
[Site "Malmo"]
[Date "2016.12.16"]
[Round "1.9"]
[White "Nikolic, Vladan"]
[Black "Sahl, Bjarke"]
[Result "1-0"]
[WhiteElo "2083"]
[BlackElo "2370"]

1.d4 Nf6 2.c4 g6 3.Nc3 Bg7 4.e4 d6 5.h3 O-O 6.Bg5 c5 7.d5 h6 8.Bh4 a6 9.
Nf3 b5 10.Qc2 Qa5 11.Nd2 e6 12.dxe6 Bxe6 13.cxb5 Re8 14.Be2 d5 15.Nb3 Qc7 
16.exd5 Nxd5 17.Nxd5 Bxd5 18.O-O c4 19.Rfd1 Qf4 20.Bg3 cxb3 21.Qc5 Qf6 22.
Qxd5 Nd7 23.Qxd7 Rxe2 24.axb3 Rxb2 25.bxa6 Rxb3 26.Qd5 Rbb8 27.Bxb8 1-0

[Event "Malmo Open"]
[Site "Malmo"]
[Date "2016.12.16"]
[Round "1.10"]
[White "Kristensen, Kare"]
[Black "Andersson, Carl-Fredrik"]
[Result "1-0"]
[WhiteElo "2361"]
[BlackElo "2074"]

1.e4 c5 2.Nf3 Nc6 3.d4 cxd4 4.Nxd4 g6 5.c4 Bg7 6.Nc2 Nf6 7.Nc3 d6 8.Be2 
Be6 9.O-O O-O 10.f3 Rc8 11.Nd5 Bxd5 12.cxd5 Ne5 13.Ne3 Qb6 14.Qb3 Ned7 15.
Qxb6 Nxb6 16.Rb1 Nfd7 17.b3 Bd4 18.Kf2 a5 19.Rd1 Bc3 20.Ba3 Rc7 21.Rbc1 
Rfc8 22.Rc2 Bg7 23.Rxc7 Rxc7 24.Rc1 Rxc1 25.Bxc1 Bd4 26.Bb5 Nc5 27.Ke2 Kg7
28.Bd2 a4 29.b4 Na6 30.Bxa6 bxa6 31.Kd3 Be5 32.g3 e6 33.Nc4 Nxc4 34.Kxc4 
h5 35.b5 axb5+ 36.Kxb5 a3 37.Bb4 exd5 38.exd5 g5 39.Bxa3 Kf6 40.Kc6 Ke7 
41.Bc1 f6 42.Be3 h4 43.gxh4 gxh4 44.h3 Kd8 45.f4 Bc3 46.Kxd6 Ba5 47.Ke6 
Bc3 48.Bb6+ Kc8 49.d6 f5 50.d7+ Kb7 51.d8=Q 1-0

[Event "MSF Open"]
[Site "Malmo"]
[Date "2016.12.16"]
[Round "1.11"]
[White "Nilsson, Oliver"]
[Black "Batra, Sagar"]
[Result "0-1"]
[WhiteElo "1276"]
[BlackElo "1588"]

1.e4 c5 2.Nc3 d6 3.f4 e6 4.Nf3 Nc6 5.Bb5 a6 6.Bxc6+ bxc6 7.O-O g6 8.d3 Bg7
9.Qe1 Ne7 10.Qh4 O-O 11.f5 exf5 12.Bh6 f6 13.Bxg7 Kxg7 14.Rae1 Rb8 15.b3 
Rb7 16.Nd2 Be6 17.exf5 Bxf5 18.g4 Qa5 19.Nde4 Bxe4 20.Nxe4 Qd8 21.Nxf6 h6 
22.Re6 Ng8 23.g5 Rbf7 24.Nh5+ gxh5 25.Rxf7+ Kxf7 26.Re1 Qxg5+ 27.Qxg5 hxg5
28.Rf1+ Nf6 0-1

[Event "Malmo Open"]
[Site "Malmo"]
[Date "2016.12.17"]
[Round "2.1"]
[White "Solodovnichenko, Yuri"]
[Black "Andersson, Paul"]
[Result "1-0"]
[WhiteElo "2573"]
[BlackElo "2196"]

1.e4 c5 2.Nf3 d6 3.d4 cxd4 4.Nxd4 Nf6 5.Nc3 Nc6 6.Bg5 Bd7 7.Bxf6 gxf6 8.
Nf5 Qa5 9.Bb5 a6 10.Bxc6 Bxc6 11.O-O Rd8 12.Nd5 Bxd5 13.exd5 e6 14.Re1 Kd7
15.Qh5 exf5 16.Qxf5+ Kc7 17.Qxf6 Bh6 18.Qxh6 Qxd5 19.c4 Qc6 20.Qf6 Kb8 21.
Qxf7 Rdf8 22.Qd5 Qb6 23.Re2 Rf6 24.Rd1 Rhf8 25.Rdd2 Qc7 26.g3 Qb6 27.Kg2 
Qc7 28.Re6 Rxe6 29.Qxe6 Rd8 30.Qd5 Qe7 31.c5 1-0

[Event "Malmo Open"]
[Site "Malmo"]
[Date "2016.12.17"]
[Round "2.2"]
[White "Kumar, Rahul"]
[Black "Tikkanen, Hans"]
[Result "0-1"]
[WhiteElo "2193"]
[BlackElo "2531"]

1.d4 d5 2.Nf3 Nf6 3.Bf4 c5 4.e3 Nc6 5.c3 Nh5 6.Bg3 Qb6 7.Qb3 Nxg3 8.hxg3 
c4 9.Qc2 g6 10.Nbd2 Bf5 11.Qc1 Rc8 12.Be2 Bg7 13.Nh4 Qc7 14.Nxf5 gxf5 15.
Qc2 e6 16.g4 fxg4 17.Rxh7 f5 18.Rxh8+ Bxh8 19.g3 b5 20.O-O-O Bg7 21.f3 
gxf3 22.Nxf3 Bh6 23.g4 Bxe3+ 24.Kb1 fxg4 25.Qg6+ Qf7 26.Qxg4 Kd7 27.Rf1 
Qh7+ 28.Ka1 Rg8 29.Qh4 Qc2 30.Ne5+ Nxe5 31.dxe5 Bc1 32.Rf7+ Kc8 33.Rc7+ 
Kb8 34.Rb7+ Kxb7 35.Qe7+ Ka8 36.Qd8+ Rxd8 0-1

[Event "Malmo Open"]
[Site "Malmo"]
[Date "2016.12.17"]
[Round "2.3"]
[White "Syla, Blerim"]
[Black "Brynell, Stellan"]
[Result "0-1"]
[WhiteElo "2166"]
[BlackElo "2448"]

1.e4 e6 2.Nc3 d5 3.Bb5+ c6 4.Ba4 b5 5.Bb3 b4 6.Nb1 dxe4 7.Ne2 Nf6 8.O-O 
Be7 9.Ng3 Nbd7 10.Re1 Nc5 11.Bc4 O-O 12.a3 bxa3 13.Nxa3 a5 14.Qe2 a4 15.
Nb1 Bb7 16.Nc3 Qd4 17.Nd1 Rfd8 18.Ne3 g6 19.c3 Qe5 20.Nc2 Qd6 21.Rd1 Ba6 
22.Nb4 Bxc4 23.Qxc4 Nb3 24.Rb1 c5 25.Nc2 Qd3 26.Qxd3 exd3 27.Ne3 Nd5 28.
Nc4 Nf4 29.Re1 f5 30.Re3 Bf6 31.Kf1 Kf7 32.Re1 Rab8 33.f3 Rd5 34.Kf2 Bh4 
35.Re3 Kf6 36.Kf1 Bxg3 37.hxg3 Nh5 38.Kf2 g5 39.Re1 f4 40.gxf4 gxf4 41.Rh1
Rb7 42.Nd6 Rxd6 43.Rxh5 Rd5 44.Rh6+ Ke5 45.g4 fxg3+ 46.Kxg3 Rg7+ 47.Kf2 
Kd6 48.Rh4 Re5 49.f4 Re2+ 50.Kf3 Rg1 51.Rxh7 Rf1+ 52.Kg3 Rxc1 53.Rxc1 Nxc1
54.Ra7 Rxd2 55.Rxa4 Rxb2 56.Ra8 Kd5 57.Kf3 Kc4 58.Re8 d2 59.Rd8 Kxc3 60.
Ke3 c4 61.Rd6 Nb3 62.Ke2 Nd4+ 0-1

[Event "Malmo Open"]
[Site "Malmo"]
[Date "2016.12.17"]
[Round "2.4"]
[White "Lindgren, Philip"]
[Black "Kabadayi, Can"]
[Result "1-0"]
[WhiteElo "2424"]
[BlackElo "2169"]

1.d4 d5 2.c4 c6 3.Nf3 Nf6 4.Nc3 dxc4 5.a4 Bf5 6.e3 e6 7.Bxc4 Bb4 8.O-O 
Nbd7 9.Qe2 Bg6 10.e4 O-O 11.Bd3 c5 12.e5 cxd4 13.exf6 dxc3 14.fxg7 Re8 15.
Rd1 Qe7 16.Bg5 f6 17.Bh6 Bxd3 18.Rxd3 Nc5 19.Re3 cxb2 20.Qxb2 a5 21.Nd4 
Rad8 22.h3 Qf7 23.Rg3 Ne4 24.Re3 f5 25.Nf3 Rd5 26.Bf4 Bc5 27.Re2 Qxg7 28.
Be5 Qd7 29.Kh2 Bd6 30.Bxd6 Qxd6+ 31.g3 Rd8 32.Qxb7 Rd3 1-0

[Event "Malmo Open"]
[Site "Malmo"]
[Date "2016.12.17"]
[Round "2.5"]
[White "Nilsson, Patrik 1978"]
[Black "Akesson, Ralf"]
[Result "1-0"]
[WhiteElo "2151"]
[BlackElo "2417"]

1.e4 c5 2.c3 d5 3.exd5 Qxd5 4.d4 Nf6 5.Nf3 Bg4 6.dxc5 Qxc5 7.Be3 Qc8 8.h3 
Bh5 9.Qa4+ Nfd7 10.Ne5 e6 11.Na3 Bxa3 12.Nxd7 Nxd7 13.Qxa3 Qc6 14.Qa5 Qd5 
15.Qxd5 exd5 16.g4 Bg6 17.Bg2 Be4 18.f3 Bg6 19.O-O O-O 20.Rad1 Rfe8 21.
Rfe1 Ne5 22.f4 Nc4 23.Bc1 Be4 24.Bxe4 dxe4 25.Rd4 b5 26.Rdxe4 Rxe4 27.Rxe4
f5 28.Rd4 Re8 29.Kf2 Re6 30.gxf5 Rh6 31.Kg3 Rd6 32.Rxd6 Nxd6 33.Kg4 Kf7 
34.b3 Ne4 35.c4 bxc4 36.bxc4 a6 37.Be3 Nc3 38.a3 Nb1 39.a4 a5 40.Bb6 Nc3 
41.Bxa5 Nxa4 42.Bc7 Nc5 43.Be5 Nd7 44.Bd4 Nb8 45.Kf3 Nc6 46.Bc3 Ne7 47.Ke4
Nc8 48.c5 Ne7 49.Ke5 Nc6+ 50.Kd6 Ne7 51.c6 Nxf5+ 52.Kd7 Ne7 53.c7 Nd5 54.
Be5 h6 1-0

[Event "Malmo Open"]
[Site "Malmo"]
[Date "2016.12.17"]
[Round "2.6"]
[White "Golubka, Petro"]
[Black "Nilsson, Anders"]
[Result "1-0"]
[WhiteElo "2407"]
[BlackElo "2165"]

1.b3 d5 2.Bb2 Bf5 3.e3 e6 4.Nf3 h6 5.c4 Nf6 6.cxd5 exd5 7.Be2 Nbd7 8.O-O 
Bd6 9.d3 c6 10.Nbd2 Qc7 11.e4 Bh7 12.g3 O-O 13.Nd4 Rfe8 14.Rc1 a6 15.exd5 
Nxd5 16.Nc4 Be7 17.Bf3 Bg5 18.Rb1 Nb4 19.Be4 Bxe4 20.dxe4 Rxe4 21.Nf5 Bf6 
22.Qf3 Re6 23.Qg4 h5 24.Qxh5 Bxb2 25.Rxb2 g6 26.Qg5 Ne5 27.Nd4 Qe7 28.Qh6 
Ng4 29.Qd2 Rd8 30.a3 Re4 31.Nf5 gxf5 32.Qxb4 Qxb4 33.axb4 Ne5 34.Nxe5 Rxe5
35.Rc1 Re4 36.Rc4 Rd3 37.h4 Rxb3 38.Rxe4 Rxb2 39.Rf4 Kg7 40.h5 b5 41.Kg2 
Kf6 42.g4 Kg7 43.g5 Rc2 44.Rxf5 Rc4 45.f4 Rxb4 46.h6+ Kg8 47.Kf3 a5 48.h7+
Kg7 49.Rxf7+ Kh8 50.Rf5 Kxh7 51.Rf7+ 1-0

[Event "Malmo Open"]
[Site "Malmo"]
[Date "2016.12.17"]
[Round "2.7"]
[White "Eriksson, Christian"]
[Black "Hoi, Carsten"]
[Result "0-1"]
[WhiteElo "2149"]
[BlackElo "2378"]

1.e4 g6 2.d4 Bg7 3.Nc3 d6 4.Nf3 Bg4 5.Be2 Nc6 6.Be3 Nf6 7.d5 Bxf3 8.Bxf3 
Ne5 9.Be2 O-O 10.O-O c6 11.f4 Ned7 12.Bf3 cxd5 13.exd5 Qa5 14.Qd2 Rfc8 15.
Bd4 Rc4 16.Rad1 Rac8 17.Rfe1 Rxd4 18.Qxd4 Ng4 19.Qxg7+ Kxg7 20.Bxg4 Qd8 
21.g3 Rc4 22.Bxd7 Qxd7 23.Rd2 h5 24.Rde2 h4 25.Rxe7 Qg4 26.Kf2 Qh3 27.Rg1 
Qxh2+ 28.Rg2 hxg3+ 29.Kf3 Rxf4+ 30.Kxf4 Qxg2 31.Re2 Qh3 0-1

[Event "Malmo Open"]
[Site "Malmo"]
[Date "2016.12.17"]
[Round "2.8"]
[White "Carlsson, Ludvig"]
[Black "Kristensen, Kare"]
[Result "1/2-1/2"]
[WhiteElo "2073"]
[BlackElo "2361"]

1.d4 d5 2.Bf4 Nf6 3.e3 g6 4.Nf3 Bg7 5.c4 O-O 6.Nc3 c5 7.dxc5 Qa5 8.Rc1 
dxc4 9.Bxc4 Qxc5 10.Be2 Nc6 11.O-O Qa5 12.Qa4 Qxa4 13.Nxa4 Nh5 14.Bc7 Be6 
15.Nc5 Bxa2 16.Nxb7 Nb4 17.Be5 Bd5 18.Bxg7 Kxg7 19.Nc5 Rfc8 20.Na6 Nxa6 
21.Bxa6 Rcb8 22.Rc2 Rb6 23.Ra1 Rab8 24.Bf1 Rxb2 25.Rxb2 Rxb2 26.Rxa7 Bxf3 
27.gxf3 Kf6 28.Bh3 Rd2 29.Kg2 Ng7 30.f4 e6 31.e4 Nh5 32.e5+ Kg7 33.Ra4 f5 
34.exf6+ Kxf6 35.Re4 Ng7 36.Kf3 Nf5 37.Bxf5 exf5 38.Re3 h6 39.Kg3 g5 40.
fxg5+ hxg5 41.f4 gxf4+ 42.Kxf4 Rxh2 43.Ra3 Rh4+ 44.Kg3 Kg5 45.Kf2 Rh2+ 46.
Kg3 Rb2 47.Kf3 Rc2 48.Rb3 Rh2 49.Kg3 Ra2 50.Kf3 Kf6 51.Re3 Kg5 52.Rb3 Ra1 
53.Rc3 Rf1+ 54.Kg2 Rf4 55.Kg3 Re4 56.Ra3 Re3+ 57.Rxe3 f4+ 58.Kf3 fxe3 59.
Kxe3 1/2-1/2

[Event "Malmo Open"]
[Site "Malmo"]
[Date "2016.12.17"]
[Round "2.9"]
[White "Ernst, Thomas"]
[Black "Storme, Isak"]
[Result "1-0"]
[WhiteElo "2358"]
[BlackElo "2152"]

1.e4 e6 2.d4 d5 3.Nc3 Nf6 4.Bg5 dxe4 5.Nxe4 Be7 6.Bxf6 gxf6 7.Nf3 f5 8.Nc3
a6 9.g3 b5 10.Bg2 Bb7 11.O-O O-O 12.Qe2 Bf6 13.Rad1 Qd6 14.d5 e5 15.Bh3 b4
16.Na4 c6 17.Nb6 cxd5 18.Nxa8 f4 19.gxf4 exf4 20.Nd4 Bxa8 21.Bg2 Nd7 22.
Nf5 Qe6 23.Qg4+ Kh8 24.Qxf4 Be5 25.Qf3 d4 26.Qh3 Rg8 27.Ng3 Qxh3 28.Bxh3 
Nc5 29.Bg2 Bxg2 30.Kxg2 h5 31.f4 Bf6 32.Kf3 d3 33.cxd3 h4 34.Ne4 Nxe4 35.
dxe4 Bxb2 36.Rd6 Kh7 37.Rxa6 h3 38.Ra7 Rg2 39.Rxf7+ Kg6 40.Rb7 Rxh2 41.Kg3
Re2 42.Rxb4 h2 43.Rh1 Bc3 44.Rb6+ Kf7 45.Kf3 Rxa2 46.Rh6 Bd4 47.R6xh2 Ra3+
48.Kg4 Ra4 49.Kf5 Ra5+ 50.e5 Be3 51.Rh8 Bd4 52.R1h7# 1-0

[Event "Malmo Open"]
[Site "Malmo"]
[Date "2016.12.17"]
[Round "2.10"]
[White "Johansson, Mikael"]
[Black "Arman, Deniz"]
[Result "1-0"]
[WhiteElo "2029"]
[BlackElo "2307"]

1.d4 Nf6 2.c4 c5 3.d5 b5 4.cxb5 a6 5.b6 a5 6.Nc3 Ba6 7.Nf3 Qxb6 8.g3 d6 9.
Bg2 Nbd7 10.h3 g6 11.O-O Bg7 12.Re1 O-O 13.Qa4 Qb4 14.Bg5 Nb6 15.Qc2 Nc4 
16.Rab1 Rfb8 17.Nd2 Ne5 18.a3 Qb7 19.f4 Nc4 20.Nxc4 Bxc4 21.e4 Nh5 22.g4 
f6 23.gxh5 fxg5 24.hxg6 gxf4 25.e5 Rf8 26.Qe4 Qa6 27.exd6 exd6 28.Qe6+ Kh8
29.Ne4 Rae8 30.Qxd6 Rxe4 31.Qxf8+ Bxf8 32.Rxe4 Bxd5 33.g7+ Kxg7 34.Rxf4 
Bxg2 35.Rg4+ Kh8 36.Rxg2 Bg7 37.Re1 Bd4+ 38.Kh1 Qa8 39.Kh2 Qb8+ 40.Kh1 Qd8
41.Rge2 Qd5+ 42.Re4 Kg7 43.Kh2 Qd6+ 44.Kg2 Qc6 45.Kg3 Qc7+ 46.Kf3 h6 47.
Re7+ Qxe7 48.Rxe7+ Kf6 49.Ra7 Bxb2 50.Rxa5 Ke5 51.Rxc5+ Kd4 52.Ra5 Kc4 53.
Ra8 1-0

[Event "MSF Open"]
[Site "Malmo"]
[Date "2016.12.17"]
[Round "2.11"]
[White "Batra, Sagar"]
[Black "Carlsson, Isak"]
[Result "1/2-1/2"]
[WhiteElo "1588"]
[BlackElo "1420"]

1.e4 c5 2.Nf3 Nc6 3.c3 g6 4.d4 cxd4 5.cxd4 Bg7 6.Be3 d6 7.h3 Nf6 8.Nc3 O-O
9.Bb5 Ne8 10.O-O f5 11.Bc4+ Kh8 12.Ng5 f4 13.Bd2 e6 14.Nxe6 Bxe6 15.Bxe6 
Nxd4 16.Bg4 Qg5 17.Bf3 Nc7 18.Kh2 Nce6 19.Bg4 Be5 20.Bxe6 Nxe6 21.Kh1 Qh4 
22.Qg4 Qxg4 1/2-1/2

[Event "MSF Open"]
[Site "Malmo"]
[Date "2016.12.17"]
[Round "2.12"]
[White "Hagstrom, Jacob"]
[Black "Olsson, Benjamin"]
[Result "0-1"]
[WhiteElo "1558"]
[BlackElo "1412"]

1.e4 e6 2.d4 d5 3.exd5 exd5 4.Bd3 Bd6 5.Nf3 Bg4 6.h3 Bh5 7.c3 c6 8.O-O Nf6
9.Re1+ Be7 10.Qe2 Bxf3 11.Qxf3 O-O 12.Bf4 Bd6 13.Bg5 Nbd7 14.Nd2 Qc7 15.
Nf1 Rfe8 16.Bh4 Qb6 17.b3 Qa5 18.Rxe8+ Rxe8 19.a4 Kf8 20.b4 Qc7 21.Bg3 
Bxg3 22.Nxg3 g6 23.Kf1 a5 24.b5 c5 25.Ne2 Ne4 26.Bxe4 dxe4 27.Qf4 Qxf4 28.
Nxf4 cxd4 29.cxd4 Nb6 30.Ke2 Ke7 31.Kd2 Rc8 32.Re1 f5 33.f3 Nc4+ 34.Kc3 g5
35.Nd5+ Ke6 36.fxe4 fxe4 37.Ne7 Kxe7 38.Rxe4+ Kd6 39.Kd3 Kd5 40.Rg4 0-1

[Event "Malmo Open"]
[Site "Malmo"]
[Date "2016.12.17"]
[Round "3.1"]
[White "Westerlund, Ola"]
[Black "Solodovnichenko, Yuri"]
[Result "0-1"]
[WhiteElo "1949"]
[BlackElo "2573"]

1.d4 d6 2.e4 Nf6 3.Nc3 g6 4.Bg5 Bg7 5.f4 c6 6.e5 Nd5 7.Qd2 f6 8.exf6 exf6 
9.Bh4 Qe7+ 10.Nge2 Ne3 11.Bf2 Nc4 12.Qc1 d5 13.b3 Na3 14.Qd2 Bf5 15.Rc1 
Na6 16.Nb1 Nxb1 17.Rxb1 Nb4 18.Rb2 O-O 19.Kd1 a5 20.Ng3 Bg4+ 21.Be2 Bxe2+ 
22.Qxe2 Qd6 23.c3 Rfe8 24.Qf3 Na6 25.f5 a4 26.b4 Nc7 27.Re2 Nb5 28.Rhe1 
Qd7 29.Kc2 Na3+ 30.Kd3 Rxe2 31.Qxe2 Kf7 32.Qf3 Re8 33.Rxe8 Qxe8 34.Qe3 Qc8
35.Qf4 Bf8 36.h4 Nc4 37.fxg6+ hxg6 38.h5 Bd6 39.Qh6 Qg8 40.hxg6+ Qxg6+ 41.
Qxg6+ Kxg6 42.Ne2 Kf5 43.Bh4 b5 44.Ng1 Be7 45.Bg3 Kg4 46.Bc7 Bd6 47.Bxd6 
Nxd6 48.Ne2 Nc4 0-1

[Event "Malmo Open"]
[Site "Malmo"]
[Date "2016.12.17"]
[Round "3.2"]
[White "Tegler, Erik"]
[Black "Tikkanen, Hans"]
[Result "0-1"]
[WhiteElo "1942"]
[BlackElo "2531"]

1.e4 e6 2.d4 d5 3.Nd2 Nf6 4.e5 Nfd7 5.Bd3 c5 6.c3 Nc6 7.Ne2 cxd4 8.cxd4 f6
9.exf6 Nxf6 10.Nf3 Qc7 11.Bf4 Bb4+ 12.Kf1 Bd6 13.g3 O-O 14.Kg2 Bd7 15.Re1 
Rae8 16.Rc1 Qb8 17.Bxd6 Qxd6 18.Nf4 e5 19.dxe5 Nxe5 20.Nxe5 Rxe5 21.Rxe5 
Qxe5 22.Qe2 Qd6 23.Rd1 Re8 24.Qd2 Bc6 25.Kg1 Qe5 26.Bf1 g5 27.Nd3 Qf5 28.
Nb4 Ne4 29.Qd4 Re6 30.Bg2 Re5 31.Qxa7 Qe6 32.Qd4 Nf6 33.Nd3 Re2 34.Nc5 Qf5
35.Qd3 Qxf2+ 0-1

[Event "Malmo Open"]
[Site "Malmo"]
[Date "2016.12.17"]
[Round "3.3"]
[White "Wellevit, Tomas"]
[Black "Brynell, Stellan"]
[Result "0-1"]
[WhiteElo "1938"]
[BlackElo "2448"]

1.e4 e6 2.d4 d5 3.Nd2 Nf6 4.e5 Nfd7 5.Ngf3 c5 6.c3 Nc6 7.Bd3 f6 8.exf6 
Nxf6 9.O-O cxd4 10.cxd4 Bd6 11.Re1 O-O 12.Nf1 Qb6 13.a3 Bd7 14.Bg5 Qxb2 
15.Bxf6 Rxf6 16.Rb1 Qxa3 17.Rb3 Qa2 18.Bb1 Qa4 19.Bxh7+ Kxh7 20.Ng5+ Kg8 
21.Qh5 Qxb3 22.Qh7+ Kf8 23.Qh8+ Ke7 24.Qxg7+ Kd8 25.Qxf6+ Kc7 26.Nxe6+ 
Bxe6 27.Qxe6 Rd8 28.Qf7+ Rd7 29.Qg8 a5 30.Re8 a4 31.Rc8+ Kb6 32.Qe6 Rc7 
33.Ra8 Bb4 34.h4 Re7 35.Qf6 Qd1 0-1

[Event "Malmo Open"]
[Site "Malmo"]
[Date "2016.12.17"]
[Round "3.4"]
[White "Olsen, Ulrik"]
[Black "Lindgren, Philip"]
[Result "0-1"]
[WhiteElo "1937"]
[BlackElo "2424"]

1.Nf3 d5 2.g3 c6 3.Bg2 Bg4 4.O-O e6 5.d4 Nd7 6.Bf4 Ngf6 7.Ne5 Nxe5 8.Bxe5 
Nd7 9.Bf4 Qb6 10.b3 Be7 11.c3 O-O 12.Nd2 Rac8 13.Bf3 Bxf3 14.Nxf3 c5 15.
Rc1 Rfd8 16.Qd2 Nf6 17.Rfd1 Ne4 18.Qb2 Qa6 19.a4 c4 20.Nd2 Nxd2 21.Rxd2 
cxb3 22.Qxb3 Rc4 23.Ra2 Rdc8 24.Rb1 b6 25.Qb5 Qb7 26.Bd2 R4c6 27.Qd3 Rc4 
28.f3 a6 29.e4 Bd8 30.Rb4 Qd7 31.Rxc4 Rxc4 32.exd5 exd5 33.Qc2 h6 34.Qb3 
Qf5 35.Kf2 Qd3 36.a5 b5 37.Qd1 Rxc3 38.Qe1 Qxd4+ 39.Kg2 Rd3 40.Bxh6 gxh6 
41.Qe8+ Kg7 42.Qxd8 Rd2+ 43.Rxd2 Qxd2+ 44.Kh3 Qe2 45.Qb6 Qe6+ 46.Kg2 Qf6 
47.Qc5 d4 48.Qc8 d3 49.Qg4+ Kh7 50.Qe4+ Qg6 51.Qd4 Qf5 52.Kf2 Kg6 53.Qd6+ 
Kg7 54.Qd4+ Kh7 55.Ke3 h5 56.Qd6 Qe6+ 57.Qxe6 fxe6 58.Kxd3 Kg6 59.Kd4 Kf5 
60.Kc5 e5 61.h3 Kg5 62.Kd5 Kf5 63.Kc5 Kg5 64.Kd5 Kf5 65.Kc5 e4 66.fxe4+ 
Kxe4 67.g4 hxg4 68.hxg4 Kf4 69.g5 Kxg5 70.Kb6 b4 71.Kxa6 b3 72.Ka7 b2 73.
a6 b1=Q 74.Ka8 Qe4+ 75.Kb8 Qe5+ 76.Kb7 Qb5+ 0-1

[Event "Malmo Open"]
[Site "Malmo"]
[Date "2016.12.17"]
[Round "3.5"]
[White "Halvarsson, Peter"]
[Black "Golubka, Petro"]
[Result "0-1"]
[WhiteElo "1931"]
[BlackElo "2407"]

1.e4 e5 2.Nc3 Nf6 3.f4 d5 4.fxe5 Nxe4 5.Qf3 Nc6 6.Bb5 Nxc3 7.bxc3 Qh4+ 8.
g3 Qe4+ 9.Qxe4 dxe4 10.Bxc6+ bxc6 11.d4 exd3 12.cxd3 Bf5 13.Ke2 O-O-O 14.
d4 c5 15.Nf3 cxd4 16.cxd4 Be7 17.Bb2 f6 18.Rac1 Be6 19.a3 Bd5 20.Rhd1 Rhf8
21.Rd3 Kd7 22.Rdc3 c6 23.exf6 gxf6 24.Rf1 Rb8 25.Bc1 Rfe8 26.Kf2 Bf8 27.
Re1 Rxe1 28.Nxe1 Ke6 29.Nd3 Kf5 30.Bf4 Rb1 31.h3 h5 32.Ne1 Rb3 33.Rxb3 
Bxb3 34.Bc1 Ke4 35.Bb2 Be6 36.h4 f5 37.Ke2 Bh6 38.Nf3 Be3 0-1

[Event "Malmo Open"]
[Site "Malmo"]
[Date "2016.12.17"]
[Round "3.6"]
[White "Sjostrand, Joel"]
[Black "Hoi, Carsten"]
[Result "1/2-1/2"]
[WhiteElo "1900"]
[BlackElo "2378"]

1.c4 g6 2.g3 Bg7 3.Bg2 e5 4.Nc3 Nc6 5.e4 d6 6.Nge2 Nf6 7.d3 O-O 8.O-O Nh5 
9.f4 exf4 10.Nxf4 Nxf4 11.Bxf4 h6 12.Qd2 Kh7 13.Rae1 Be6 14.h3 Qd7 15.Kh2 
Ne5 16.b3 c5 17.Nd5 Bxd5 18.cxd5 a5 19.h4 Qb5 20.Bxe5 Bxe5 21.Bh3 Qb4 22.
Qc2 b5 23.h5 Qc3 24.Qe2 Qb2 25.Qxb2 Bxb2 26.Bd7 b4 27.Rf3 Rad8 28.Bg4 g5 
29.Ref1 Kg7 30.Kg2 Bd4 31.Bh3 f6 32.Rb1 Rf7 33.Rff1 Ra7 34.Kf3 a4 35.Rfe1 
axb3 36.axb3 Ra2 37.Re2 Rxe2 38.Kxe2 Ra8 39.Kf3 Ra2 40.Bf1 Rh2 41.Kg4 Be5 
42.Kf3 Rd2 43.Be2 Bd4 44.g4 Rc2 45.Bf1 Rf2+ 46.Kg3 Rf4 47.Be2 Rf2 48.Bf1 
Rc2 49.Kf3 Kf7 50.Be2 Ke7 51.Bf1 f5 52.exf5 Kf6 53.Re1 Be5 54.Rb1 Kf7 55.
Be2 1/2-1/2

[Event "Malmo Open"]
[Site "Malmo"]
[Date "2016.12.17"]
[Round "3.7"]
[White "Kyrkjebo, Marte B"]
[Black "Ernst, Thomas"]
[Result "0-1"]
[WhiteElo "1891"]
[BlackElo "2358"]

1.e4 c5 2.Nc3 Nc6 3.Bb5 g6 4.Bxc6 bxc6 5.d3 Bg7 6.f4 d6 7.Nf3 Nh6 8.O-O 
Rb8 9.Qe1 f5 10.e5 O-O 11.Kh1 Nf7 12.e6 Nh6 13.h3 d5 14.Ng5 Qd6 15.Qe2 Bf6
16.Re1 Kg7 17.Nd1 Ng8 18.Rb1 Rb4 19.c3 Rxf4 20.Bxf4 Qxf4 21.Nf3 Rd8 22.Qe3
Qxe3 23.Rxe3 d4 24.cxd4 cxd4 25.Re2 Rd6 26.b3 Bxe6 27.Nb2 Bd5 28.Nc4 Rd8 
29.Nfe5 e6 30.Rc1 Ne7 31.Na5 Bxe5 32.Rxe5 Kf6 33.Re2 g5 34.Kg1 e5 35.Rf1 
Ng6 36.g3 h5 37.Nc4 g4 38.hxg4 hxg4 39.Ref2 Be6 40.Nd2 Kg5 41.Rh2 Bd5 42.
Kf2 e4 43.dxe4 fxe4 44.Ke1 e3 45.Nc4 Bxc4 46.bxc4 d3 47.Rb2 Ne5 48.Rh1 
Nf3+ 49.Kd1 Re8 50.Rg2 Re4 51.c5 Rb4 52.Kc1 e2 0-1